02096cam a22004694i 4500003000900000005001700009008004100026020001500067035002700082040003300109049000900142082002400151245006900175264007800244300005600322336002100378337002500399338002300424490004800447504004800495505031100543526001000854526001000864526001000874526001000884526000800894526000800902526000800910526000800918526000800926526000800934526000800942630006200950700003401012942001401046949012701060994001401187596000601201999017901207980005501386952018501441PE-LiUPU20250731173031.0150623s1989 mdua rb 000 0 eng d a0925675032 a(Sirsi) i9780925675033 aPE-LiUPUbspacPE-LiUPUerda aPRUA04a227.870 66bI4422100aIssues in the book of Hebrews /cEditado por Frank B. Hoolbrook. 1aHagerstown, Maryland :bReview and Herald Publishsing Association,c1989. a237 páginas :bilustraciones ;c23 centímetros. atext2rdacontent aunmediated2rdamedia avolume2rdacarrier0 aDaniel and Revelation Committee Series ;v4 aIncluye bibliografía al pie de páginas.0 aDaniel and revelation committee report -- Hebrews -- The heavenly sanctuary-figurative or real? -- An exegesis of selected passages -- Defilement/purification and Hebrews 9:23 -- Day of atonement allusions -- Typology in the book of Hebrews -- Antithetical or correspondece typology? -- Sanctuary theology. aSEG42 aSEG41 aSEG40 aSEG39 aP94 aP87 aP86 aP85 aP77 aP76 aP35 aBiblia.pN.T.pHebreosxCrítica, interpretación, etc.1 aHoolbrook, Frank B.,eeditor. 2ddccBOOK a227.870 66 I44wDEWEYc1i48117lCCODEBUL1mBULr0sYtBOOKu2015-6-24xTEOLOGIAPP350COMPRAo.STAFF. Colección General aC0bPEPRU a1 a227.870 66 I44wDEWEYc25093i48117d25093e2017-11-5f2021-11-9g5lCCODEBUL1mBULn2p43.75q9r0sYtBOOKu2015-6-24xTEOLOGIAPP350COMPRAo.STAFF. Colección Teología 81gALBERTO SANCHEZ Responsable de Automatización r2025-12-03 00:00:00i6l4o227.870 66 I44p48117s2024-06-09te1v48.75w2015-06-24xFTyBKzinventario-2023-12-13102ddc50708GENfP35aBULbBULcGENd2015-06-24eCOMPRAg43.75